[Event "Stay Safe Play From Home 302"]
[Site "Emanuel Lasker Arena"]
[Date "2020.07.14"]
[Round "8"]
[White "TheCHESSHOUSE"]
[Black "Broken sword"]
[Result "0-1"]
[WhiteElo "2108"]
[BlackElo "2390"]
[Annotator "TA"]
[PlyCount "160"]
[EventDate "2020.07.14"]
[EventType "swiss (blitz)"]

{[%evp 14,160,12,5,20,29,27,0,14,0,0,0,-6,-16,0,-10,-11,-22,-16,-15,-15,-39,-24,-147,-141,-141,-128,-156,-151,-163,-38,-131,-128,-132,0,0,0,0,0,0,0,0,0,0,0,0,0,0,0,0,0,0,0,0,0,-2,0,-2,0,0,0,0,0,0,0,0,0,0,0,0,0,0,0,0,0,-75,-75,-113,-91,-113,-113,-113,-113,-113,-113,-113,-113,-113,-113,-113,-113,-113,-113,-113,-113,-29975,-113,-113,0,-113,-113,-113,-113,-113,-113,-113,-113,-113,-113,-113,-113,-113,-113,-113,-113,-113,0,-113,-113,-29968,-4702,-29981,-29964,-29973,-29960,-29970,-471,-6617,-178,-29986,-29987,-29987,-29988,-29988,-29989,-29989,-29990,-29990,-29990,-29990,-29991,-29991,-29992,-29992,-29993,-29993,-29993,-29993,-29994]} 1. d4 d5 2. c4 c6 3. cxd5 cxd5 4. Nc3 Nf6 5. Bf4 Nc6 6. Rc1 Bf5 7. Nf3 e6 8. e3 Bd6 {D14: Slav Defence: Exchange variation with ...Bf5.} 9. Bxd6 Qxd6 10. Be2 O-O {[#] The position is equal.} 11. h3 $146 ({Predecessor:} 11. O-O a6 12. Na4 Rac8 13. Nc5 Rc7 14. Qb3 Rb8 15. Qb6 Nd7 16. Nxd7 Rxd7 17. Rc3 f6 18. Nh4 Bg6 19. Nxg6 hxg6 {1-0 (39) Omar,N (2080)-Hesham,A (2157) Cairo 2009}) 11... Rfc8 12. O-O h6 13. a3 Nd7 14. Nb5 Qe7 15. b4 a6 $36 {[%mdl 2048] Black is more active.} 16. Nc3 b5 17. Qb3 Nb6 18. Ne5 (18. Qa2 $11) 18... Nxe5 $17 19. dxe5 Nc4 20. Rfd1 Nxe5 21. a4 Nc4 {[#]} (21... Qg5 $19 22. Kh1 bxa4 23. Qxa4 Qf6) 22. axb5 (22. e4 $1 $15 {[%mdl 512]} dxe4 23. axb5 axb5 24. Nxb5) 22... axb5 23. Nxb5 {[%cal Re2c4]} Rab8 (23... Qb7 $17 24. Rxc4 dxc4 25. Bxc4 Rcb8) 24. Bxc4 $11 dxc4 25. Rxc4 Rxc4 26. Qxc4 Qb7 27. Nd6 Qxb4 28. Qxb4 Rxb4 29. Nxf5 exf5 {[%mdl 4096] Endgame KR-KR} 30. Rd5 f4 31. exf4 Rxf4 32. Rd8+ Kh7 33. Rd7 f6 34. Rd3 Ra4 35. g3 f5 36. Kg2 f4 37. Rf3 fxg3 38. Kxg3 Ra1 39. h4 $1 Rg1+ 40. Kh2 $1 {[%cal Rh2g1]} Re1 41. Kg3 Rd1 42. Kh2 Rd4 43. Kg3 Rc4 44. Kh2 (44. Rf5 $11) 44... Rxh4+ $17 45. Kg2 Ra4 46. Rg3 g5 47. f3 Kg6 {Threatens to win with ...h5.} 48. Rg4 Ra2+ 49. Kg3 h5 50. Rc4 h4+ 51. Kh3 Kh5 52. Rc5 Ra3 53. Rf5 Rb3 54. Rf6 $2 {[%mdl 8192]} (54. Kg2 $17) 54... Rd3 $2 (54... g4+ $1 {mates} 55. Kh2 g3+ 56. Kh3 Rb2 57. Rf5+ Kg6 58. Rc5 Rh2+ 59. Kg4 g2 60. Rg5+ Kf6 61. Kh5 h3 62. Kh4 Rh1 63. Ra5 g1=Q 64. Ra6+ Ke7 65. Ra4 Qf2+ 66. Kg4 Rg1+ 67. Kf4 Qh4+ 68. Ke3 Qxa4 69. f4 Qb3+ 70. Ke4 Kd6 71. Kd4 Rd1+ 72. Ke4 Qd3#) 55. Rf5 Rd1 (55... Rd4 $17 56. Rf8 Kg6) 56. Kg2 (56. f4 $1 $11) 56... Kg6 (56... Rd4 {is interesting.} 57. Rb5 Rf4 58. Ra5 Rf6 59. Ra3 Rf5) 57. Ra5 Rd2+ 58. Kh3 Rd3 59. Kg4 Rd4+ 60. Kh3 Rf4 61. Kg2 Rf5 62. Ra6+ Kh5 63. Ra4 Rf6 64. Rg4 Rf5 (64... Kg6 $17 65. Ra4 Rc6) 65. Rc4 (65. Ra4 $1 $11) 65... Rb5 {White is on the road to losing.} 66. f4 $2 {[%mdl 8192] [#]} (66. Rc6 $17) 66... g4 $1 67. f5 Rxf5 68. Rc8 Kg5 69. Rh8 Kf4 (69... h3+ $142 70. Kh2 Rf2+ 71. Kg1 Rg2+ 72. Kh1 Rb2 73. Rh7 Kf4 74. Ra7 g3 75. Ra4+ Kf3 76. Ra3+ Kf2 77. Ra1 Rd2 78. Rb1 Rd3 79. Rf1+ Ke2 80. Kg1 Ke3 81. Re1+ Kf3 82. Rb1 h2+ 83. Kh1 Kg4 84. Rb4+ Kh3 85. Rh4+ Kxh4 86. Kg2 {[#]} h1=Q+ $1 {[%mdl 576] Deflection, Back Rank} 87. Kxh1 Kh3 88. Kg1 Rd1#) 70. Rg8 (70. Rxh4 $142 Rd5 71. Rh7 Rd2+ 72. Kg1) 70... Rd5 $2 (70... h3+ 71. Kh2 Re5 72. Rf8+ Kg5 73. Rg8+ Kh4 74. Rh8+ Rh5) 71. Kh2 $2 (71. Rf8+ $19 Ke5 72. Re8+ Kf4 73. Rf8+ Rf5 74. Rg8) 71... Rd2+ {Black mates.} 72. Kg1 Kg3 {[%cal Rd2d1]} 73. Rf8 Rd1+ 74. Rf1 Rxf1+ 75. Kxf1 {KP-KP} Kh2 76. Kf2 g3+ 77. Ke3 g2 78. Kf4 g1=Q 79. Kf5 Qg3 80. Kf6 Kg2 {Accuracy: White = 65%, Black = 81%.} 0-1

[Event "Stay Safe Play From Home 302"]
[Site "Emanuel Lasker Arena"]
[Date "2020.07.14"]
[Round "8"]
[White "Fischer_11"]
[Black "Little champs"]
[Result "1-0"]
[WhiteElo "2048"]
[BlackElo "2304"]
[Annotator "NA"]
[PlyCount "73"]
[EventDate "2020.07.14"]
[EventType "swiss (blitz)"]

1. e4 {[%emt 0:00:01]} c6 {[%emt 0:00:00]} 2. d4 {[%emt 0:00:01]} d5 {[%emt 0:00:00]} 3. exd5 {[%emt 0:00:00]} cxd5 {[%emt 0:00:01]} 4. c4 {[%emt 0:00:00]} e6 {[%emt 0:00:00]} 5. c5 {[%emt 0:00:01]} Nf6 {[%emt 0:00:00]} 6. Nc3 {[%emt 0:00:00]} Be7 {[%emt 0:00:00]} 7. Bg5 {[%emt 0:00:01]} O-O {[%emt 0:00:00]} 8. Nf3 {[%emt 0:00:02]} b6 {[%emt 0:00:00]} 9. b4 {[%emt 0:00:01]} a5 {[%emt 0:00:01]} 10. a3 {[%emt 0:00:01]} Ne4 {[%emt 0:00:01]} 11. Bxe7 {[%emt 0:00:02]} Qxe7 {[%emt 0:00:01]} 12. Rc1 {[%emt 0:00:01]} Nxc3 {[%emt 0:00:02]} 13. Rxc3 {[%emt 0:00:01]} axb4 {[%emt 0:00:00]} 14. axb4 {[%emt 0:00:01]} bxc5 {[%emt 0:00:00]} 15. dxc5 {[%emt 0:00:00]} Bd7 {[%emt 0:00:02]} 16. Bd3 {[%emt 0:00:03]} f5 {[%emt 0:00:01]} 17. O-O {[%emt 0:00:01]} Qf6 {[%emt 0:00:01]} 18. Qc2 {[%emt 0:00:02]} Nc6 {[%emt 0:00:01]} 19. b5 {[%emt 0:00:02]} Nb4 {[%emt 0:00:00]} 20. Qd2 {[%emt 0:00:01]} Nxd3 {[%emt 0:00:01]} 21. Qxd3 {[%emt 0:00:00]} Rac8 {[%emt 0:00:01]} 22. c6 {[%emt 0:00:01]} Be8 {[%emt 0:00:01]} 23. Re1 {[%emt 0:00:00]} Bf7 {[%emt 0:00:01]} 24. Qd4 {[%emt 0:00:01]} Qxd4 {[%emt 0:00:02]} 25. Nxd4 {[%emt 0:00:00]} Rfe8 {[%emt 0:00:00]} 26. b6 {[%emt 0:00:01]} g6 {[%emt 0:00:02]} 27. b7 {[%emt 0:00:01]} Rc7 {[%emt 0:00:02]} 28. Nb5 {[%emt 0:00:01]} d4 {[%emt 0:00:01]} 29. Nxc7 {[%emt 0:00:01]} dxc3 {[%emt 0:00:02]} 30. Nxe8 {[%emt 0:00:01]} c2 {[%emt 0:00:01]} 31. b8=Q {[%emt 0:00:01]} h6 {[%emt 0:00:02]} 32. Rc1 {[%emt 0:00:00]} Kh7 {[%emt 0:00:02]} 33. Rxc2 {[%emt 0:00:00]} g5 {[%emt 0:00:01]} 34. c7 {[%emt 0:00:00]} g4 {[%emt 0:00:01]} 35. c8=Q {[%emt 0:00:00]} f4 {[%emt 0:00:00]} 36. Qcc7 {[%emt 0:00:02]} f3 {[%emt 0:00:00]} 37. Qxf7+ {[%emt 0:00:00] Little champs resigns (Lag: Av=0.77s, max=2.4s)} 1-0

[Event "Stay Safe Play From Home 302"]
[Site "Emanuel Lasker Arena"]
[Date "2020.07.14"]
[Round "8"]
[White "Bellbox"]
[Black "NTBT_DHS"]
[Result "0-1"]
[WhiteElo "2042"]
[BlackElo "2510"]
[Annotator "TA"]
[PlyCount "76"]
[EventDate "2020.07.14"]
[EventType "swiss (blitz)"]

{[%evp 9,76,38,83,0,4,5,11,3,3,7,3,15,6,7,55,55,62,50,50,44,57,26,76,33,33,0,0,0,0,0,0,0,0,-124,-122,-115,-111,-175,-160,-169,-179,-510,-506,-670,-670,-668,-654,-665,-660,-744,-742,-1118,-1110,-1245,-1276,-2113,-1933,-5189,-4167,-2497,-2147,-29988,-29989,-29989,-29990,-29990,-29990,-29991,-29992]} 1. e4 g6 2. d4 Bg7 3. Nc3 d6 4. f4 Nd7 5. Nf3 c5 6. dxc5 {B06: Modern Defence.} (6. Be3 $16) 6... Nxc5 7. e5 Nh6 8. Be3 {aiming for Bxc5.The position is equal.} O-O 9. Bxc5 dxc5 10. Qxd8 Rxd8 11. Bd3 {[#]} a6 $146 ({Predecessor:} 11... Rb8 12. O-O-O Bd7 13. Be4 b6 14. Rd2 Be8 15. Rhd1 Rxd2 16. Rxd2 e6 17. h3 Nf5 {1-0 (72) Gaponenko,I (2406)-Arakhamia Grant,K (2347) Tbilisi 2018}) 12. O-O-O Bf5 13. Bxf5 Nxf5 14. Rhe1 e6 15. g4 Ne7 16. Ne4 b6 17. g5 Nd5 18. Nf6+ Bxf6 19. exf6 Nxf4 20. Ne5 Nh3 21. Nc6 (21. Re3 $11 {keeps the balance.} Rxd1+ 22. Kxd1) 21... Rxd1+ $17 {White is now going downhill.} 22. Rxd1 Nxg5 {[%mdl 4096] Endgame KRN-KRN} 23. Rd7 (23. Ne5 $17) 23... Ne4 $19 24. Ne5 Nxf6 25. Rxf7 $2 {[#]} (25. Rb7 {is a better chance.}) 25... Ng4 $1 {[%mdl 576] Deflection} 26. Nxg4 {Hoping for Rb7.} Kxf7 {KR-KN} 27. Ne5+ Kg7 28. Kd2 Rf8 29. Ke3 Rf1 30. Nd7 Rh1 31. Nxb6 Rxh2 32. Kd3 h5 33. Nd7 h4 34. Nxc5 Kf7 35. Nxe6 Kxe6 {Black mates.} 36. c4 Rxb2 37. c5 Rxa2 38. Kc4 h3 {Accuracy: White = 42%, Black = 90%.} 0-1

[Event "Stay Safe Play From Home 302"]
[Site "Emanuel Lasker Arena"]
[Date "2020.07.14"]
[Round "8"]
[White "Edmatuag"]
[Black "Klasman"]
[Result "1-0"]
[WhiteElo "1655"]
[BlackElo "1318"]
[Annotator "NA RC"]
[PlyCount "59"]
[EventDate "2020.07.14"]
[EventType "swiss (blitz)"]

1. f3 {[%emt 0:00:04]} f5 {[%emt 0:00:01]} 2. e3 {[%emt 0:00:01]} Nf6 {[%emt 0:00:01]} 3. Qe2 {[%emt 0:00:00]} e5 {[%emt 0:00:01]} 4. Nc3 {[%emt 0:00:00]} d5 {[%emt 0:00:01]} 5. d3 {[%emt 0:00:00]} c5 {[%emt 0:00:01]} 6. f4 {[%emt 0:00:01]} e4 {[%emt 0:00:02]} 7. dxe4 {[%emt 0:00:02]} fxe4 {[%emt 0:00:03]} 8. Nh3 {[%emt 0:00:01]} d4 {[%emt 0:00:04]} 9. exd4 {[%emt 0:00:01]} cxd4 {[%emt 0:00:02]} 10. Nxe4 {[%emt 0:00:02]} Bb4+ {[%emt 0:00:02]} 11. Bd2 {[%emt 0:00:01]} Bxd2+ {[%emt 0:00:05]} 12. Nxd2+ {[%emt 0:00:01]} Kf8 {[%emt 0:00:05]} 13. O-O-O {[%emt 0:00:01]} Bxh3 {[%emt 0:00:02]} 14. gxh3 {[%emt 0:00:01]} Nc6 {[%emt 0:00:01]} 15. Re1 {[%emt 0:00:02]} Qa5 {[%emt 0:00:03]} 16. Kb1 {[%emt 0:00:02]} Nb4 {[%emt 0:00:03]} 17. a3 {[%emt 0:00:02]} Nbd5 {[%emt 0:00:04]} 18. Nb3 {[%emt 0:00:03]} Qb6 {[%emt 0:00:02]} 19. Bg2 {[%emt 0:00:02]} a5 {[%emt 0:00:02]} 20. Bxd5 {[%emt 0:00:02]} Nxd5 {[%emt 0:00:01]} 21. Qe6 {[%emt 0:00:01]} Qxe6 {[%emt 0:00:02]} 22. Rxe6 {[%emt 0:00:02]} Nxf4 {[%emt 0:00:02]} 23. Rf1 {[%emt 0:00:01]} g5 {[%emt 0:00:02]} 24. Re5 {[%emt 0:00:01]} h6 {[%emt 0:00:01]} 25. h4 {[%emt 0:00:01]} Re8 {[%emt 0:00:03]} 26. Rxe8+ {[%emt 0:00:02]} Kxe8 {[%emt 0:00:01]} 27. hxg5 {[%emt 0:00:00]} hxg5 {[%emt 0:00:02]} 28. Nxd4 {[%emt 0:00:00]} Rxh2 {[%emt 0:00:01]} 29. Nf5 {[%emt 0:00:02]} Rxc2 {[%emt 0:00:01]} 30. Kxc2 {[%emt 0:00:02] Time (Lag: Av=0.51s, max=1.1s)} 1-0

[Event "Stay Safe Play From Home 302"]
[Site "Emanuel Lasker Arena"]
[Date "2020.07.14"]
[Round "9"]
[White "NTBT_DHS"]
[Black "Fischer_11"]
[Result "1-0"]
[WhiteElo "2513"]
[BlackElo "2076"]
[Annotator "NA"]
[PlyCount "71"]
[EventDate "2020.07.14"]
[EventType "swiss (blitz)"]

1. d4 {[%emt 0:00:02]} e5 {[%emt 0:00:01]} 2. Nc3 {[%emt 0:00:00]} exd4 {[%emt 0:00:01]} 3. Qxd4 {[%emt 0:00:00]} Nc6 {[%emt 0:00:02]} 4. Qe4+ {[%emt 0:00:01]} Be7 {[%emt 0:00:01]} 5. Bg5 {[%emt 0:00:01]} d5 {[%emt 0:00:03]} 6. Nxd5 {[%emt 0:00:01]} Be6 {[%emt 0:00:01]} 7. Nxe7 {[%emt 0:00:05]} Ngxe7 {[%emt 0:00:00]} 8. Rd1 {[%emt 0:00:02]} Qc8 {[%emt 0:00:02]} 9. Nf3 {[%emt 0:00:02]} O-O {[%emt 0:00:01]} 10. Bxe7 {[%emt 0:00:04]} Nxe7 {[%emt 0:00:00]} 11. Ng5 {[%emt 0:00:01]} Ng6 {[%emt 0:00:05]} 12. Nxe6 {[%emt 0:00:02]} fxe6 {[%emt 0:00:00]} 13. g3 {[%emt 0:00:01]} c6 {[%emt 0:00:05]} 14. Bh3 {[%emt 0:00:01]} Rf6 {[%emt 0:00:03]} 15. O-O {[%emt 0:00:02]} Qf8 {[%emt 0:00:02]} 16. Rd7 {[%emt 0:00:02]} Kh8 {[%emt 0:00:00]} 17. f4 {[%emt 0:00:01]} Re8 {[%emt 0:00:02]} 18. Rfd1 {[%emt 0:00:02]} Ne7 {[%emt 0:00:03]} 19. Rxb7 {[%emt 0:00:02]} Nd5 {[%emt 0:00:01]} 20. Qd4 {[%emt 0:00:03]} h6 {[%emt 0:00:04]} 21. e4 {[%emt 0:00:01]} Nb6 {[%emt 0:00:02]} 22. Rxa7 {[%emt 0:00:01]} Rf7 {[%emt 0:00:01]} 23. Qxb6 {[%emt 0:00:01]} Rxa7 {[%emt 0:00:02]} 24. Qxa7 {[%emt 0:00:00]} e5 {[%emt 0:00:01]} 25. f5 {[%emt 0:00:01]} Ra8 {[%emt 0:00:01]} 26. Qe3 {[%emt 0:00:03]} Rxa2 {[%emt 0:00:02]} 27. Qc3 {[%emt 0:00:01]} Ra8 {[%emt 0:00:02]} 28. Bf1 {[%emt 0:00:01]} Re8 {[%emt 0:00:01]} 29. b4 {[%emt 0:00:01]} Qf7 {[%emt 0:00:01]} 30. Bc4 {[%emt 0:00:01]} Qh5 {[%emt 0:00:00]} 31. Rd7 {[%emt 0:00:01]} Qf3 {[%emt 0:00:04]} 32. Qxf3 {[%emt 0:00:01]} Kh7 {[%emt 0:00:01]} 33. Qh5 {[%emt 0:00:01]} Re6 {[%emt 0:00:01]} 34. Bxe6 {[%emt 0:00:01]} Kh8 {[%emt 0:00:02]} 35. Qg6 {[%emt 0:00:01]} c5 {[%emt 0:00:02]} 36. Rd8# {[%emt 0:00:00] (Lag: Av=0.48s, max=0.7s)} 1-0

[Event "Stay Safe Play From Home 302"]
[Site "Emanuel Lasker Arena"]
[Date "2020.07.14"]
[Round "9"]
[White "AChessPlayer"]
[Black "Broken sword"]
[Result "1-0"]
[WhiteElo "2381"]
[BlackElo "2395"]
[Annotator "TA"]
[PlyCount "115"]
[EventDate "2020.07.14"]
[EventType "swiss (blitz)"]

{[%evp 10,115,36,28,45,26,36,17,20,0,0,-12,-1,-10,0,-5,43,34,41,16,16,-49,-66,-106,-84,-154,-161,-189,-115,-138,-120,-285,-295,-285,-128,-117,-42,-39,76,64,69,73,64,-32,-21,-54,-54,-54,-61,-151,-151,-316,231,231,231,231,247,220,231,214,212,212,231,231,374,353,261,287,475,468,477,329,293,271,210,0,479,471,29966,450,422,0,29967,29968,29967,29968,29965,29966,29966,29966,29994,5081,2091,2029,29984,29974,29973,29967,29964,29954,29969,29971,29963,5197,29980,29976,29978,29940]} 1. e4 c5 2. Nf3 e6 3. d4 cxd4 4. Nxd4 a6 5. Nc3 Qc7 6. a3 d6 {B43: Sicilian: Kan Variation: 5 Nc3.} 7. Bd3 Nf6 8. O-O Nbd7 {The position is equal.} 9. Kh1 b5 10. f4 Bb7 11. Qf3 Rc8 12. Bd2 {[#]} Qb8 $146 ({Predecessor:} 12... Nc5 13. b4 Nxd3 14. cxd3 Be7 15. Rac1 Qd8 16. Nb3 O-O 17. Qf2 Qd7 18. h3 Ba8 {0-1 (34) Petrov,M (2438)-David,A (2553) Paleochora 2014}) 13. Rae1 Be7 14. Qh3 h5 15. Nxe6 (15. Nf3 $11) 15... fxe6 $15 16. Qxe6 {Strongly threatening Nd5.} Nc5 17. Qf5 (17. Qh3 $142 O-O 18. e5 dxe5 19. fxe5) 17... O-O $17 18. Qh3 Rcd8 (18... Rc7 $19 19. Qf3 Qc8) 19. Nd5 Rde8 ({Inferior is} 19... Nxd5 20. exd5 Qc8 21. Rxe7 $14 (21. Qxh5 Nxd3 22. Rxe7 Ne5 $11 {[%mdl 64] Back Rank})) 20. Nxe7+ $2 (20. b4 $17 {was worth a try.} Nxd3 21. Nxe7+ Rxe7 22. cxd3) 20... Rxe7 $19 21. e5 Nxd3 (21... dxe5 $19 {is more deadly. ...Qc7 is the strong threat.} 22. Bb4 Qc7) 22. cxd3 $17 dxe5 (22... Nd5 $17 {[%cal Rd6e5]} 23. e6 Rc8) 23. Bb4 $15 Bc8 (23... Qc7 $15 {stays ahead.} 24. Bxe7 Qxe7 25. Rxe5 Qc7) 24. Qh4 $16 Rfe8 {White must now prevent ...Re6.} 25. Bxe7 Rxe7 26. fxe5 ({Better is} 26. Qg5 $14) 26... Rxe5 $15 27. Rxe5 Qxe5 28. d4 Qd5 29. Re1 ({White should play} 29. h3 $15) 29... Bb7 $17 {[%csl Gb7][%cal Rd5g2]} 30. Qg3 $2 (30. Qf2 $17 {keeps fighting.}) 30... Qxd4 $4 {[%mdl 8192]} (30... h4 $1 $19 {[%cal Rh4g3] and life is good for Black.} 31. Qf3 Qxf3 32. gxf3 Bxf3+ 33. Kg1 Kf7) 31. Qb8+ $18 {[%mdl 64] [#] Double Attack} Kh7 32. Qxb7 Qxb2 {[%mdl 4096] Endgame KQR-KQN} 33. Qf3 Qd2 34. Rf1 Qd6 35. h3 Kh6 36. Rd1 Qe6 (36... Qc5 $142 37. Qd3 Qg5) 37. Qf4+ Kh7 38. Rd6 Qe1+ $2 (38... Qc8 {might work better.} 39. Kh2 a5) 39. Kh2 h4 40. Qf5+ Kh6 {Hoping for ...Qg3+.} 41. Rd3 Nh5 42. Qg4 $2 ({Not} 42. Rd6+ Nf6 $18) (42. a4 $18) 42... g6 $2 {[%mdl 8192]} (42... Qe5+ $11 43. Kg1 Qe1+ 44. Kh2 Qe5+ 45. Kg1 Qe1+ 46. Kh2) 43. Qd4 {White wants to mate with Qh8+.} Kh7 (43... Qe6 $18 44. Qh8+ Kg5 45. Qd8+ Kh6) 44. Qa7+ (44. Re3 $142 Qf1 45. Re7+ Kh6 46. Qh8+ Kg5 47. Re5+ Qf5 48. Qd8+ Kh6 49. Rxf5 gxf5 50. Qd6+ Kg5 51. Qxa6) 44... Kh6 45. Qd4 (45. Qb8 $18 Qa1 46. Qd6) 45... Kh7 $1 46. Re3 Qf1 47. Re7+ Kh6 48. Qh8+ Kg5 49. Re5+ Kf4 50. Qf8+ (50. Rd5 $142 Qh1+ {[%mdl 64] Decoy} 51. Kxh1 Ng3+ 52. Kg1 Ne4 53. Qf8+ Nf6 54. Qxf6+ {[%mdl 64] Double Attack} Kg3 55. Qg5#) 50... Kxe5 51. Qxf1 g5 52. Qe1+ Kf5 53. Qd1 Nf4 54. Qg4+ Kg6 {[#]} 55. g3 $1 hxg3+ 56. Qxg3 (56. Kxg3 $142 Nh5+ 57. Kf3 Nf6 58. Qe6 a5 59. Qb6 b4 60. axb4 a4 61. Qe6) 56... Nh5 57. Qd3+ Kh6 58. Qd6+ {Accuracy: White = 55%, Black = 56%.} 1-0

[Event "Stay Safe Play From Home 302"]
[Site "Emanuel Lasker Arena"]
[Date "2020.07.14"]
[Round "9"]
[White "Little champs"]
[Black "Jhhonnyy"]
[Result "0-1"]
[WhiteElo "2276"]
[BlackElo "2339"]
[Annotator "TA"]
[PlyCount "72"]
[EventDate "2020.07.14"]
[EventType "swiss (blitz)"]

{[%evp 10,72,26,-8,0,-482,-483,-477,-421,-463,-459,-1684,-1683,-1682,-1677,-1654,-1541,-1668,-1670,-1817,-1794,-1864,-1614,-2031,-1828,-1898,-1877,-2020,-1939,-2137,-1522,-2025,-2006,-2198,-1972,-1896,-1672,-1793,-1648,-1930,-1862,-2359,-2349,-2701,-2668,-2752,-2678,-3155,-2922,-3476,-2156,-2177,-2163,-2047,-2024,-2156,-2126,-3767,-3805,-29989,-29990,-29990,-29991,-29990,-29991]} 1. d4 Nf6 2. e3 g6 3. Nf3 Bg7 4. Be2 O-O 5. O-O c5 6. c4 cxd4 {[#] E60: King's Indian: Unusual lines and Fianchetto Variation without Nc3.} 7. Nc3 $146 {[%mdl 8192] [#]} (7. exd4 $11 {and White is okay.} d5 8. Nc3) ({Predecessor:} 7. Nxd4 Nc6 8. Nc3 Nxd4 9. Qxd4 d6 10. Bf3 Be6 11. Qd3 Nd7 12. Bd5 Nc5 13. Qe2 Bxc3 14. bxc3 Qa5 15. Bd2 Rac8 16. e4 Rfe8 17. Qf3 Qa4 {0-1 (43) Nakamura,H (2745)-So,W (2767) chess.com INT 2020}) 7... dxc3 $19 8. bxc3 d5 {Black is clearly winning.} 9. Qc2 Bf5 10. Rd1 (10. Qb3 $142) 10... Bxc2 11. Rd2 Bf5 12. Ba3 Qa5 13. Bb4 Qc7 14. cxd5 Ne4 15. Rc2 Na6 16. Ba3 Rfd8 17. Rac1 Rxd5 18. c4 Rdd8 19. Nd4 Nac5 20. Nb5 Qc8 21. Bf3 a6 22. Nd4 b6 23. h3 h5 24. Rd1 Rb8 25. Bc1 e5 26. Bxe4 Bxe4 27. Rcd2 exd4 28. exd4 Ne6 29. d5 Nd4 30. Rxd4 Bxd4 31. Rxd4 Bf5 32. Be3 b5 {[%cal Bb6b5,Bb5c4,Bc4c3,Bc3c2][%mdl 32]} 33. d6 bxc4 34. Rd2 c3 {Black mates.} 35. Rd1 c2 36. Rc1 Rb1 {White got outplayed after the opening} 0-1

[Event "Stay Safe Play From Home 302"]
[Site "Emanuel Lasker Arena"]
[Date "2020.07.14"]
[Round "9"]
[White "Lazieri3"]
[Black "Edmatuag"]
[Result "1-0"]
[WhiteElo "2106"]
[BlackElo "1659"]
[Annotator "TA"]
[PlyCount "95"]
[EventDate "2020.07.14"]
[EventType "swiss (blitz)"]

{[%evp 12,95,55,21,46,0,58,30,31,0,12,22,20,7,46,-10,-3,-75,-75,-75,-37,-58,115,105,101,-13,66,-67,-54,-102,-98,-137,-137,-133,-134,-134,-133,-141,-138,-200,-131,-131,-133,-134,-130,-121,-125,-125,-62,-62,-73,-77,0,0,0,-41,-52,-83,-83,-120,-83,-83,-66,-81,-63,-58,0,0,0,0,0,0,0,0,0,0,12842,12843,12843,12843,12844,12844,12845,12845,12846,12847]} 1. e4 e5 2. Nc3 Nf6 3. Nf3 Nc6 4. d4 d6 5. dxe5 dxe5 6. Qxd8+ Kxd8 7. Bc4 {With the idea Ng5.} Ke8 {C47: Scotch Four Knights and Four Knights with 4 g3.} 8. Ng5 Nd8 (8... Bb4 $1 $11) 9. Be3 Bd6 {White has an edge.} 10. O-O-O h6 11. Nf3 {[#]} Be6 $146 ({Predecessor:} 11... Bd7 12. h3 Nc6 13. a3 a6 14. g4 b5 15. Bd5 Nxd5 16. exd5 Na5 17. Nd2 f6 {1-0 (31) Trifunovic,D (1945)-Maljevic,D Belgrade 2008}) 12. Bb5+ Ke7 13. Ba4 (13. Nd5+ $14 Nxd5 14. exd5) 13... c6 $11 14. Bb3 (14. Rd3 $11 {remains equal.}) 14... Bxb3 $17 15. axb3 Ne6 16. Rd2 Nc5 $2 (16... Ng4 $15 {stays ahead.}) 17. Bxc5 Bxc5 18. Rhd1 (18. Nxe5 $16 Rhd8 19. Nd3) 18... Rhd8 (18... Ke6 $1 $11) 19. Nh4 (19. Nxe5 $14 Rxd2 20. Rxd2) 19... g6 20. g3 Ng4 21. Nf3 Nxf2 22. Rxd8 Rxd8 23. Rxd8 Kxd8 24. Nxe5 {[%mdl 4096] Endgame KBN-KNN} Ke7 25. Nd3 (25. Kd2 $17 {might work better.}) 25... Nxd3+ 26. cxd3 $19 {KB-KN} Bg1 27. h3 h5 28. Ne2 Be3+ 29. Kc2 f5 (29... Kd6 $17 30. g4 hxg4 31. hxg4 Ke5) 30. exf5 $15 gxf5 31. d4 Ke6 (31... Kf7 $17) 32. Kd3 $11 Bh6 33. Nc3 Kf6 34. d5 cxd5 35. Nxd5+ Ke5 36. Ne3 a6 37. Nc4+ Kd5 38. Ne3+ Bxe3 ({Black should play} 38... Ke6 $15) 39. Kxe3 $15 {[#] Threatens to win with Kf4. KP-KP} Ke5 40. Kf3 a5 41. Ke3 b5 42. Kf3 b4 43. Ke3 h4 $2 {[%mdl 8192]} (43... Kf6 $11) 44. gxh4 $18 {White is clearly winning.} f4+ 45. Kf3 Kf5 46. h5 Kg5 {[#]} 47. h6 $1 {[%mdl 512] Threatening mate with h7.} Kxh6 48. Kxf4 {White used his chance. Accuracy: White = 48%, Black = 59%.} 1-0